000 00526cam a2200157 4500500
005 20260329004026.0
041 _afre
042 _adc
100 1 0 _aLacroix, Samuel
_eauthor
245 0 0 _aJouer sa peau. Asymétries cachées dans la vie quotidienne
260 _c2018.
500 _a86
690 _aNassim Nicholas Taleb
786 0 _nPhilosophie magazine | 116 | 2 | 2018-02-01 | p. 52-55 | 1951-1787
856 4 1 _uhttps://shs.cairn.info/magazine-philosophie-magazine-2018-2-page-52?lang=fr&redirect-ssocas=7080
999 _c1829896
_d1829896